Vista normal
Vista MARC
Entrada Personal Name
Número de registros utilizados en: 1
001 - CONTROL NUMBER
- control field: 44341
003 - CONTROL NUMBER IDENTIFIER
- control field: OSt
005 - DATE AND TIME OF LATEST TRANSACTION
- control field: 20250925125214.0
008 - FIXED-LENGTH DATA ELEMENTS
- fixed length control field: 250925|| aca||aabn | a|a d
040 ## - CATALOGING SOURCE
- Original cataloging agency: OSt
- Transcribing agency: OSt
100 ## - HEADING--PERSONAL NAME
- Personal name: Celis, Adán
670 ## - SOURCE DATA FOUND
- Source citation: Work cat.: (OSt)31086: Echevarría, Oscar A., autor. 44338, La economía Venezolana 1944-1984 /